|
|
|
|
| LEADER |
00000cam a2200000 4500 |
| 001 |
vtls012083061 |
| 003 |
SK-MaSNL |
| 005 |
20260301150816.0 |
| 008 |
220112s2021 xr oal a f 000 0 slo |
| 015 |
|
|
|a SNBZSA2023/11
|
| 020 |
|
|
|a 9788076390393
|q (viazané)
|
| 040 |
|
|
|a SNK
|b slo
|c SNK
|e rda
|
| 041 |
1 |
|
|a slo
|h ger
|
| 044 |
|
|
|a xr
|c CZ
|
| 072 |
|
7 |
|a 74
|x Kresba. Umelecké remeslá
|2 konspekt
|
| 072 |
|
7 |
|a 0/9-053.2
|x Literatúra pre deti a mládež (náučná)
|2 konspekt
|
| 080 |
|
|
|a 745
|2 2011
|
| 080 |
|
|
|a 688.78/.79
|2 2011
|
| 080 |
|
|
|a 688
|2 2011
|
| 080 |
|
|
|a 688.7
|2 2011
|
| 080 |
|
|
|a (035)
|2 2011
|
| 080 |
|
|
|a (0.053.2)
|2 2011
|
| 100 |
1 |
|
|a Pedevilla, Pia,
|d 1957-
|4 aut
|9 67256
|
| 240 |
1 |
0 |
|a Bunter Bastelspaß für Kids
|l Slovensky
|
| 245 |
1 |
|
|a Pestré tvorenie pre deti od 4 rokov
|c Pia Pedevilla ; preklad Petra Pavlíková
|
| 264 |
|
1 |
|a Ostrava
|b Bookmedia s.r.o.
|c 2021
|
| 300 |
|
|
|a 127 strán
|b farebné fotografie, farebné ilustrácie, modely, vzory
|c 24 cm
|
| 336 |
|
|
|a text
|b txt
|2 rdacontent
|
| 336 |
|
|
|a statický obraz
|b sti
|2 rdacontent
|
| 337 |
|
|
|a bez média
|b n
|2 rdamedia
|
| 338 |
|
|
|a zväzok
|b nc
|2 rdacarrier
|
| 490 |
1 |
|
|a TOPP
|
| 500 |
|
|
|a Preložené z nemeckého originálu
|
| 521 |
8 |
|
|a Pre deti od 4 rokov
|
| 650 |
0 |
7 |
|a výtvarné práce
|2 SNKPH
|9 3082
|
| 650 |
0 |
7 |
|a dekoračné predmety
|2 SNKPH
|9 66825
|
| 650 |
0 |
7 |
|a darčekové predmety
|2 SNKPH
|9 87769
|
| 650 |
0 |
7 |
|a hračky
|2 SNKPH
|9 25248
|
| 650 |
0 |
7 |
|a Decorative works
|2 SNKPHeng
|9 334407
|
| 650 |
0 |
7 |
|a Decorative articles
|2 SNKPHeng
|9 275917
|
| 650 |
0 |
7 |
|a Gifts
|2 SNKPHeng
|9 330744
|
| 650 |
0 |
7 |
|a Toys
|2 SNKPHeng
|9 322648
|
| 655 |
|
7 |
|a príručky
|2 SNKPH
|9 74364
|
| 655 |
|
7 |
|a publikácie pre deti
|2 SNKPH
|9 70148
|
| 655 |
|
7 |
|a Handbooks, manuals, etc.
|2 SNKPHeng
|9 90964
|
| 655 |
|
7 |
|a Publications for children
|2 SNKPHeng
|9 276792
|
| 700 |
1 |
|
|a Pavlíková, Petra
|c (prekladateľka)
|4 trl
|9 232562
|
| 830 |
|
0 |
|a TOPP
|9 301066
|
| 852 |
|
|
|a Slovenská národná knižnica
|
| 919 |
|
|
|a 978-80-7639-039-3
|
| 954 |
|
|
|a iná literatúra (príručky, kuchárske knihy, hobby literatúra, sprievodcovia) cudzojazyčná (svetová)
|2 lita
|
| 958 |
|
|
|a ZS
|
| 958 |
|
|
|a UP
|
| 968 |
|
|
|b DT
|
| 999 |
|
|
|c 784695
|d 786625
|
| 952 |
|
|
|a SNK
|b SNK
|y PREZ
|7 0
|p 17A1535678
|o snkSC 203761
|i snk2023/14322
|8 4
|g 15.25
|0 0
|1 0
|4 0
|d 2022-06-15
|l 0
|r 2025-10-27 00:00:00
|w 2026-02-24
|